000 00558nam a2200181 i 4500
001 118750
003 ES-MaACL
005 20251015063123.0
007 t|
008 070214s1934 sp |||| | spa d
100 1 _aPiaget, Jean,
_d1896-1980
_991738
245 1 3 _aLa causalidad física en el niño /
_cpor Jean Piaget ; prólogo y traducción por Juan Comas.
260 _aMadrid :
_bEspasa-Calpe,
_c1934.
300 _a285 p. ;
_c23 cm.
700 1 _aComas, Juan (
_d1900-1979)
_939937
852 _aES-MaACL
_jA-2504
999 _c118750
_d118750